ბათუმის შოთა რუსთაველის სახელმწიფო უნივერსიტეტის ბიბლიოთეკა

Корреляционная теория оптимального управления многомерными процессами (ბიბ.ჩანაწერი № 35128)

000 -LEADER
fixed length control field 00738nam a2200205Ia 4500
001 - CONTROL NUMBER
control field 969
003 - CONTROL NUMBER IDENTIFIER
control field GE_BSU
008 - FIXED-LENGTH DATA ELEMENTS--GENERAL INFORMATION
fixed length control field 181216s||||||||xx |||||||||||||| ||und||
040 ## - CATALOGING SOURCE
Transcribing agency GE_BSU
080 ## - UNIVERSAL DECIMAL CLASSIFICATION NUMBER
Universal Decimal Classification number 007:62
100 ## - MAIN ENTRY--PERSONAL NAME
Personal name Лившиц,Н.А.;Виноградов,В.Н.;Голубев,Г.А.
245 ## - TITLE STATEMENT
Title Корреляционная теория оптимального управления многомерными процессами
260 ## - PUBLICATION, DISTRIBUTION, ETC.
Place of publication, distribution, etc. Москва
260 ## - PUBLICATION, DISTRIBUTION, ETC.
Name of publisher, distributor, etc. Советское радио
260 ## - PUBLICATION, DISTRIBUTION, ETC.
Date of publication, distribution, etc. 1974
300 ## - PHYSICAL DESCRIPTION
Extent 328стр.
653 ## - INDEX TERM--UNCONTROLLED
Uncontrolled term Корреляционная теория оптимального управления многомерными процессами
942 ## - ADDED ENTRY ELEMENTS (KOHA)
Koha item type წიგნი
ეგზემპლარები
Withdrawn status Lost status Damaged status Not for loan Date acquired Barcode Date last seen Price effective from Koha item type
        2018-12-17 2015 2018-12-17 2018-12-17 წიგნი